| 000 | 00662nam a2200229 i 4500 | ||
|---|---|---|---|
| 001 | 34229 | ||
| 003 | ES-MaACL | ||
| 005 | 20230906154909.0 | ||
| 007 | t| | ||
| 008 | 030204s1953 sp ||||1| spa d | ||
| 100 | 1 |
_aBogomoletz, Viktor. _929809 |
|
| 245 | 1 | 0 |
_aVivir joven / _cVictor Bogomoletz ; [versión española de Julio Lago Alonso]. |
| 250 | _a1ª ed. | ||
| 260 |
_aBarcelona : _bLuis de Caralt, _c1953 ( _fHorta) |
||
| 300 |
_a291 p. ; _c21 cm. |
||
| 490 | 1 | _aCultura médica | |
| 650 | 0 | 4 |
_aLongevidad. _914705 |
| 700 | 1 |
_aLago Alonso, Julio. _969587 |
|
| 830 | 0 |
_aCultura médica _9183701 |
|
| 852 |
_aES-MaACL _jC-8818 |
||
| 999 |
_c34229 _d34229 |
||